000 00207nam a2200085Ia 4500
005 20250523150954.0
008 250523s9999 xx 000 0 und d
245 0 _aOrmandan Gelen Ses
_cJack London
260 _bALTIN
999 _c11917
_d11917